| 000 | 00664nam a2200181 a 4500 | ||
|---|---|---|---|
| 005 | 20240601063646.0 | ||
| 008 | 991125s1980 fr 000 0 spa u | ||
| 035 | _aUPN01000014090 | ||
| 049 | _aF | ||
| 050 | 4 |
_aBF431 _bP5.3 |
|
| 100 | 1 |
_aPinillos Díaz, José Luis, _d1919- _930863 |
|
| 245 | 1 | 3 |
_aEl desarrollo de la inteligencia : _b¿una esperanza o una realidad? / _cJosé Luis Pinillos. |
| 260 |
_aParís : _bUNESCO, _c1980. |
||
| 300 | _a47 p. | ||
| 500 | _aInforme preparado para el Gobierno de Venezuela por la Organización de las Naciones Unidas para la Educación, la Ciencia y la Cultura (UNESCO) | ||
| 650 | 4 |
_aPsicopedagogía _95085 |
|
| 905 | _aLibro | ||
| 999 |
_c14090 _d14090 |
||